| 000 | 00805nam a2200289 a 4500 | ||
|---|---|---|---|
| 001 | 21778 | ||
| 003 | VRT | ||
| 005 | 20260309143537.0 | ||
| 008 | 250414s1991 CS 0 cze | ||
| 020 | _a8020601112 | ||
| 035 | _aSNK000072560 | ||
| 039 | 9 |
_a202504141419 _bVLOAD _c201306201736 _dVLOAD |
|
| 040 |
_aSNK _bslo _cSNK _eAACR2 |
||
| 041 | 0 | _acze | |
| 044 | _a[CS] | ||
| 080 |
_a885.0-31 _21981 |
||
| 100 | 1 |
_aPapoušek, Dušan _4aut |
|
| 245 | 1 | 0 |
_aSpalovači planet _cDušan Papoušek |
| 250 | _a1. vyd. | ||
| 260 |
_aPraha _bNaše vojsko _c1991 |
||
| 300 |
_a217, [5] s. _c20 cm |
||
| 490 | 0 |
_aESO _vSv. 115 |
|
| 942 |
_2ddc _cKLDO _n0 |
||
| 949 |
_6273K0264162 _asvkpoA 152842 _bsvkpo376538 _oPV 2575/91 |
||
| 999 |
_c21778 _d21778 |
||